000 00789nam a2200265 a 4500
001 4716495
003 GBCCL
005 20241126110331.0
008 840927s1984 ilua b 001 0 eng
010 _a 83060822
020 _a0882073001 (pbk.)
040 _aDLC
_cDLC
_dDLC
050 0 0 _aBS538.3
_b.H34 1984
082 0 0 _a220.071
_219
_bHAL
100 1 _aHall, Terry,
_d1941-
_91839
245 1 0 _aGetting more from your Bible /
_cTerry Hall.
260 _aWheaton, Ill. :
_bVictor Books,
_cc1984.
300 _a215 p. :
_bill. ;
_c21 cm.
500 _a"A Victor adult elective/13 sessions"--P. 4 of cover.
500 _aIncludes index.
504 _aBibliography: p. 207-209.
630 0 0 _aBible
_xUse.
_91787
906 _a7
_bcbc
_corignew
_d2
_eopcn
_f19
_gy-gencatlg
942 _2ddc
_cBK
999 _c143
_d143